| 000 | 00512nam a22001817a 4500 | ||
|---|---|---|---|
| 003 | OSt | ||
| 005 | 20260424085104.0 | ||
| 008 | 260424b |||||||| |||| 00| 0 eng d | ||
| 020 | _a0-415-20520-4 | ||
| 040 |
_aDWC-Main lib _cOC |
||
| 082 |
_24th edition _aCirc. 808 B459r 2000 |
||
| 100 | _aBerry, Ralph | ||
| 245 |
_aThe research project / _cRalph Berry |
||
| 260 |
_aLondon and New York _cc2000. |
||
| 300 |
_a119 pages ; _c22 cm. |
||
| 504 | _aIncludes index. | ||
| 942 |
_2ddc _cBK-CIRC _e4th ed. _hCirc. _n0 |
||
| 999 |
_c9865 _d9865 |
||